Key to Differential Equations (Record no. 139)

MARC details
000 -LEADER
Fixed length control field 00429nam a2200169 4500
003 - CONTROL NUMBER IDENTIFIER
Control field SEACOMEC
005 - DATE AND TIME OF LATEST TRANSACTION
Control field 20240415121706.0
008 - FIXED-LENGTH DATA ELEMENTS--GENERAL INFORMATION
Fixed length control field 231006b |||||||| |||| 00| 0 eng d
020 ## - INTERNATIONAL STANDARD BOOK NUMBER / ISBN
Price Rs. 75.00
International Standard Book Number 9788186600900
040 ## - CATALOGING SOURCE
Original cataloging agency SEACOMEC
082 ## - DEWEY DECIMAL CLASSIFICATION NUMBER
Classification number 515.35
Book Number D229
100 1# - MAIN ENTRY--PERSONAL NAME
Personal name Das, Subir
245 1# - TITLE STATEMENT
Title Key to Differential Equations
Statement of responsibility Subir Das
260 ## - IMPRINT
Place of publication Pune
Name of publisher Everest
Date of publication 2002
650 ## - SUBJECT ADDED ENTRY--TOPICAL TERM
Topical term Mathematics -Analysis
942 ## - ADDED ENTRY ELEMENTS (KOHA)
Koha item type Books
Holdings
Withdrawn status Lost status Source of classification Damaged status Not for loan Home library Current library Date acquired Total Checkouts Call number Accession number Date last seen Price effective from Koha item type Copy number
    Dewey Decimal Classification     SEACOM ENGINEERING COLLEGE SEACOM ENGINEERING COLLEGE 15/04/2024   515.35 D229 5098 15/04/2024 15/04/2024 Books  
    Dewey Decimal Classification     SEACOM ENGINEERING COLLEGE SEACOM ENGINEERING COLLEGE 15/04/2024   515.35 D229 5099 15/04/2024 15/04/2024 Books 1
    Dewey Decimal Classification     SEACOM ENGINEERING COLLEGE SEACOM ENGINEERING COLLEGE 15/04/2024   515.35 D229 5100 15/04/2024 15/04/2024 Books 2
    Dewey Decimal Classification     SEACOM ENGINEERING COLLEGE SEACOM ENGINEERING COLLEGE 15/04/2024   515.35 D229 5101 15/04/2024 15/04/2024 Books 3
    Dewey Decimal Classification     SEACOM ENGINEERING COLLEGE SEACOM ENGINEERING COLLEGE 15/04/2024   515.35 D229 5102 15/04/2024 15/04/2024 Books 4
    Dewey Decimal Classification     SEACOM ENGINEERING COLLEGE SEACOM ENGINEERING COLLEGE 15/04/2024   515.35 D229 5103 15/04/2024 15/04/2024 Books 5
    Dewey Decimal Classification     SEACOM ENGINEERING COLLEGE SEACOM ENGINEERING COLLEGE 15/04/2024   515.35 D229 5104 15/04/2024 15/04/2024 Books 6
    Dewey Decimal Classification     SEACOM ENGINEERING COLLEGE SEACOM ENGINEERING COLLEGE 15/04/2024   515.35 D229 5105 15/04/2024 15/04/2024 Books 7
    Dewey Decimal Classification     SEACOM ENGINEERING COLLEGE SEACOM ENGINEERING COLLEGE 15/04/2024   515.35 D229 5106 15/04/2024 15/04/2024 Books 8
    Dewey Decimal Classification     SEACOM ENGINEERING COLLEGE SEACOM ENGINEERING COLLEGE 15/04/2024   515.35 D229 5107 15/04/2024 15/04/2024 Books 9
© Seacom Engineering College, All rights reserved.      Powered by Koha